000 01587nab a22002897a 4500
999 _c6529
_d6529
003 OSt
005 20260223094936.0
008 190506c xxu||||| |||| 00| 0 spa d
040 _cPJ
100 _97130
_aAcosta Cardozo, Lorena Rocío
245 1 0 _aInstancia previa, obligatoria y excluyente /
_cLorena Rocío Acosta Cardozo.
260 _aBuenos Aires :
_bAbeledoPerrot,
_c2024.
300 _ap. 17-22
500 _aCita: TR LALEY AR/DOC/48/2024.
505 _aSumario: I. Introducción.— II. Las comisiones médicas tienen como función dictaminar.— III. Contingencias cubiertas.— IV. Contingencias excluidas.— V. Constitucionalidad de la ley 27.348.— VI. Problemática actual del sistema de riesgos del trabajo.— VII. Más prevención menor riesgo y litigiosidad.— VIII. Exámenes médicos.— IX. Exámenes preocupacionales.— X. Modernización del derecho del trabajo.— XI. Conclusión.— XII. Bibliografía.— XIII. Artículos.— XIV. Páginas.
505 _t¿Te interesa el texto completo? Comunicate al correo: koha@justierradelfuego.gov.ar
650 0 _91316
_aDERECHO LABORAL
650 0 _91430
_aRIESGOS DEL TRABAJO
650 0 _94942
_aCOMISIONES MÉDICAS
650 0 _95144
_aASEGURADOR POR RIESGOS DEL TRABAJO
650 0 _91406
_aINCAPACIDAD LABORAL
650 0 _91417
_aACCIDENTES DE TRABAJO
650 0 _91405
_aENFERMEDAD PROFESIONAL
650 0 _91482
_aLEY SOBRE RIESGOS DEL TRABAJO
773 0 _02751
_93202
_dBuenos Aires : AbeledoPerrot, 2013-
_tRevista de derecho laboral y seguridad social. Nº 3 - Febrero 2024
942 _2udc
_cANA